000 00253nam a22001097a 4500
008 230704b xxu||||| |||| 00| 0 eng d
082 _a362.7
_bUNI 2002
245 _aA World Fit for Children
260 _bUNICEF
_c2002
300 _a108p
942 _2ddc
_cBK
999 _c3768
_d3768